000 00869 a2200217 4500
003 Nust
005 20230203103133.0
010 _a 79052235
020 _a0874131561 :
040 _cNust
082 0 0 _a948.97,UPT
100 1 _aUpton, Anthony F.
_949131
245 1 0 _aFinland, 1939-1940 /
_cAnthony F. Upton.
250 _a1st American ed.
260 _aNewark :
_bUniversity of Delaware Press,
_c1979, c1974.
300 _a174 p. :
_bmaps ;
_c22 cm.
490 0 _aThe Politics and strategy of the Second World War
505 _aThe Background To The Crises Of 1939 (Page-11), From Diplomacy To War, October-November 1939 (Page-25), The Russo-Finnish War, Phase One-The Russian Failure (Page-51), The Russo-Finnish War, Phase Two-The Russian Failure (Page-92), The Consequences (Page-149).
650 0 _aRusso-Finnish War, 1939-1940.
_949067
942 _2ddc
_cBK
999 _c187396
_d187396